KOHA-Header-6

Challenges of History Writing in South Asia (Record no. 13260)

000 -LEADER
fixed length control field 00302nam a22001217a 4500
020 ## - INTERNATIONAL STANDARD BOOK NUMBER
ISBN 9789698791438
082 ## - DEWEY DECIMAL CLASSIFICATION NUMBER
Classification number 907.205
100 ## - MAIN ENTRY--AUTHOR NAME
Personal name Syed Jaffar Ahmed
245 ## - TITLE STATEMENT
Title Challenges of History Writing in South Asia
260 ## - PUBLICATION, DISTRIBUTION, ETC. (IMPRINT)
Place of publication Pakistan
Name of publisher University of Karachi
Year of publication 2013
300 ## - PHYSICAL DESCRIPTION
Number of Pages 506 pages
942 ## - ADDED ENTRY ELEMENTS (KOHA)
Koha item type Books
Holdings
Withdrawn status Lost status Collection code Permanent Location Current Location Shelving location Date acquired Full call number Accession Number Koha item type
    English Literature MAJU MAJU Shelf No.A15 2022-03-02 907.205 10306 English Literature

Powered by Koha